| 000 | 00627cam a2200217 a 4500 | ||
|---|---|---|---|
| 020 | _a0070094829 (alk. paper) | ||
| 040 | _cDLC | ||
| 082 | 0 | 0 | _a808 HIL 1996 A096 Or. |
| 245 | 0 | 0 | _a75 readings plus / |
| 246 | 3 | _aSeventy-five readings plus | |
| 250 | _a3rd ed. | ||
| 260 |
_aNew York : _bMcGraw-Hill, _cc1996. |
||
| 300 |
_axvi, 494 p. ; _c23 cm. |
||
| 500 | _a"Portions of this text have been taken from 75 readings: an anthology"--T.p. verso. | ||
| 500 | _aIncludes index. | ||
| 650 | 0 | _aCollege readers. | |
| 650 | 0 | _aEnglish language | |
| 700 | 1 | _aBuscemi, Santi V. | |
| 700 | 1 | _aSmith, Charlotte, | |
| 942 | _cEK | ||
| 999 |
_c14066 _d14066 |
||